| 000 | 00532nam a22001577a 4500 | ||
|---|---|---|---|
| 020 | _a9781259062919 | ||
| 040 | _cNUST | ||
| 082 | _a621.105 BEE | ||
| 100 | _aBeer, Ferdinand P. | ||
| 110 |
_aJohnston, E. Russell Mazurek, David F. Cornwell, Philip J. Sanghi, Sanjeev _9111597 |
||
| 245 |
_a Vector Mechanics for Engineers: _bStatics and Dynamics |
||
| 250 | _a10th Edition | ||
| 260 |
_aNew Dehli: _bMcGraw-Hill, _c2015 |
||
| 650 |
_aDME TEXTBOOK. VECTOR MECHANICS FOR ENGINEERS: STATIC DYNAMICS _9111598 |
||
| 942 |
_2ddc _cTEXT |
||
| 999 |
_c594395 _d594395 |
||